Fr. Conceicao Rodrigues College of Engineering

Compendium Vol.1 (Record no. 18910)

MARC details
000 -LEADER
fixed length control field 00315nam a2200145Ia 4500
082 ## - DEWEY DECIMAL CLASSIFICATION NUMBER
Classification number 378.155
Item number UNI
100 ## - MAIN ENTRY--PERSONAL NAME
Personal name University of Mumbai
245 ## - TITLE STATEMENT
Title Compendium Vol.1
260 ## - PUBLICATION, DISTRIBUTION, ETC.
Name of publisher, distributor, etc. University of Mumbai
Date of publication, distribution, etc. 2009
490 ## - SERIES STATEMENT
Volume/sequential designation 1
546 ## - LANGUAGE NOTE
Language note ENGLISH
-- Computers
650 ## - SUBJECT ADDED ENTRY--TOPICAL TERM
Topical term or geographic name entry element Compendium
942 ## - ADDED ENTRY ELEMENTS (KOHA)
Koha item type BOOK
Holdings
Withdrawn status Lost status Damaged status Not for loan Collection Home library Current library Date acquired Source of acquisition Inventory number Total Checkouts Full call number Barcode Date last seen Price effective from Koha item type
        CRC Fr. Agnel's C.Rodrigues College of Engineering Fr. Agnel's C.Rodrigues College of Engineering 17/03/2023 Universtiy of Mumbai 92 dt 06/12/2012   378.155 UNI 22388 17/03/2023   BOOK